000 00570nam a2200205 i 4500
001 25709
003 ES-MaACL
005 20250710062718.0
007 t|
008 030102s1957 fr ||||1| fre d
100 1 _aArdant, Henri.
_922526
245 1 0 _aTechnique de la banque /
_cpar Henri Ardant.
250 _a[4e éd.].
260 _aParis :
_bPresses Universitaires de France,
_c1957.
300 _a136 p. ;
_c18 cm.
490 1 _aQue sais-je? ;
_v469
830 0 0 _aQue sais-je?
_v469
_9180931
852 _aES-MaACL
_jC-15972
_bR.43125
999 _c25709
_d25709